PF resin and zinc oxide as a vulcanising agent for NR/PP blends (Record no. 51883)
[ view plain ]
| 000 -LEADER | |
|---|---|
| fixed length control field | 00450nam a2200169Ia 4500 |
| 100 ## - MAIN ENTRY--AUTHOR NAME | |
| Personal name | Jacob J.[c] |
| 245 #0 - TITLE STATEMENT | |
| Title | PF resin and zinc oxide as a vulcanising agent for NR/PP blends |
| 260 ## - PUBLICATION, DISTRIBUTION, ETC. (IMPRINT) | |
| Name of publisher | Gummi Fasern Kunststoffe |
| Year of publication | 1990 |
| 300 ## - PHYSICAL DESCRIPTION | |
| Number of Pages | 498-503 |
| 650 ## - SUBJECT ADDED ENTRY--TOPICAL TERM | |
| Topical Term | Blend |
| 650 ## - SUBJECT ADDED ENTRY--TOPICAL TERM | |
| Topical Term | Ozone resistance |
| 650 ## - SUBJECT ADDED ENTRY--TOPICAL TERM | |
| Topical Term | Tear resistance |
| 700 ## - ADDED ENTRY--PERSONAL NAME | |
| Personal name | Kuriakose B. |
| 700 ## - ADDED ENTRY--PERSONAL NAME | |
| Personal name | Mathew N.M. |
| 942 ## - ADDED ENTRY ELEMENTS (KOHA) | |
| Koha item type | Bibliography STAF |
| Withdrawn status | Lost status | Damaged status | Not for loan | Home library | Current library | Date acquired | Serial Enumeration / chronology | Koha item type |
|---|---|---|---|---|---|---|---|---|
| Bibliography | RRII Library | RRII Library | 09/04/2014 | Volume 43, Issue 9 | Bibliography STAF |